000 00684nam a2200229Ii 4500
003 JO-AjNU
008 230605s9999||||xx |||||||||||||| ||und||
017 _a13961
020 _a977-422-146-X
040 _aJO-AjNU
_bara
_erda
_cJO-AjNU
041 _aara
050 1 4 _aHD37.A7.M3322.2010
100 3 _aماهر،احمد,
_eauthor
_932601
245 0 0 _aمبادىء الادارة بين العلم والمهارة
250 _aط2
264 3 1 _aالاسكندرية:الدار الجامعية،2010
300 _a392ص
336 _atext
_btxt
_2rdacontent
337 _aunmediated
_bn
_2rdamedia
338 _avolume
_bnc
_2rdacarrier
650 4 _aالادارة
_932602
999 _aA13181
_c16749
_d16749